000 00327 a2200145 4500
001 153370
040 _cEscola São Tomás de Aquino
100 _aCAZARRE, Lourenço
240 1 0 _aA guerra no lanche
_lpor
245 1 0 _aA guerra no lanche
300 _a128
362 0 _a2000
697 _a*LITERATURA JUVENIL
942 _cBK
999 _c153370
_d153370